[Event "World Youth & Cadets Blitz Championships"]
[Site "Rhodes, Greece"]
[Date "2022.05.03"]
[Round "7.7"]
[White "Andreev, Konstantin"]
[Black "Pidluznij, Gleb"]
[Result "1-0"]
[TimeControl "5'/game & 2\"/move"]
[WhiteElo "1939"]
[BlackElo "2044"]

1. e4 {[%clk 00:05:03]} c5 {[%clk 00:05:03]} {[%emt 00:00:02]} 2. Nf3 {[%clk
00:05:03]} {[%emt 00:00:02]} Nc6 {[%clk 00:05:03]} {[%emt 00:00:01]} 3. d4
{[%clk 00:05:04]} {[%emt 00:00:02]} cxd4 {[%clk 00:05:04]} {[%emt 00:00:02]} 4.
Nxd4 {[%clk 00:05:03]} {[%emt 00:00:02]} Nf6 {[%clk 00:05:03]} {[%emt
00:00:02]} 5. Nc3 {[%clk 00:05:04]} {[%emt 00:00:02]} d6 {[%clk 00:05:02]}
{[%emt 00:00:04]} 6. Bg5 {[%clk 00:05:03]} {[%emt 00:00:02]} e6 {[%clk
00:04:59]} {[%emt 00:00:04]} 7. Qd2 {[%clk 00:05:03]} {[%emt 00:00:03]} a6
{[%clk 00:04:59]} {[%emt 00:00:02]} 8. O-O-O {[%clk 00:04:59]} {[%emt
00:00:04]} h6 {[%emt 00:00:07]} 9. Bxf6 {[%clk 00:04:49]} {[%emt 00:00:10]}
Qxf6 {[%clk 00:04:58]} {[%emt 00:00:02]} 10. Kb1 {[%clk 00:04:25]} {[%emt
00:00:24]} Nxd4 {[%clk 00:04:56]} {[%emt 00:00:05]} 11. Qxd4 {[%clk 00:04:25]}
{[%emt 00:00:02]} Qxd4 {[%clk 00:04:49]} {[%emt 00:00:10]} 12. Rxd4 {[%clk
00:04:24]} {[%emt 00:00:03]} Bd7 {[%clk 00:04:49]} {[%emt 00:00:02]} 13. Bc4
{[%clk 00:04:01]} {[%emt 00:00:24]} Bc6 {[%clk 00:04:28]} {[%emt 00:00:24]} 14.
f3 {[%clk 00:03:52]} {[%emt 00:00:10]} Kd8 {[%clk 00:04:26]} {[%emt 00:00:04]}
15. Rhd1 {[%clk 00:03:42]} {[%emt 00:00:13]} Kc7 {[%clk 00:04:27]} {[%emt
00:00:02]} 16. Ne2 {[%clk 00:03:40]} {[%emt 00:00:03]} Be7 {[%clk 00:04:15]}
{[%emt 00:00:13]} 17. Bb3 {[%clk 00:03:35]} {[%emt 00:00:07]} Rhd8 {[%clk
00:04:06]} {[%emt 00:00:12]} 18. c3 {[%clk 00:03:33]} {[%emt 00:00:04]} Rd7
{[%clk 00:03:33]} {[%emt 00:00:36]} 19. a4 {[%clk 00:03:23]} {[%emt 00:00:11]}
b5 {[%clk 00:03:07]} {[%emt 00:00:29]} 20. axb5 {[%clk 00:03:12]} {[%emt
00:00:12]} Bxb5 {[%clk 00:02:30]} {[%emt 00:00:39]} 21. Bc4 {[%clk 00:02:08]}
{[%emt 00:01:06]} Rb8 {[%clk 00:02:23]} {[%emt 00:00:09]} 22. Bxb5 {[%clk
00:01:55]} {[%emt 00:00:14]} Rxb5 {[%clk 00:02:18]} {[%emt 00:00:07]} 23. Kc2
{[%clk 00:01:53]} {[%emt 00:00:05]} Rd8 {[%clk 00:01:50]} {[%emt 00:00:30]} 24.
Nc1 {[%clk 00:01:52]} {[%emt 00:00:03]} Rh5 {[%clk 00:01:36]} {[%emt 00:00:16]}
25. h3 {[%clk 00:01:43]} {[%emt 00:00:10]} Rc5 {[%clk 00:01:22]} {[%emt
00:00:17]} 26. Nd3 {[%clk 00:01:42]} {[%emt 00:00:03]} Rb5 {[%clk 00:01:01]}
{[%emt 00:00:22]} 27. Ra1 {[%clk 00:01:40]} {[%emt 00:00:05]} Kb7 {[%clk
00:00:56]} {[%emt 00:00:07]} 28. Rda4 {[%clk 00:01:36]} {[%emt 00:00:06]} Ra8
{[%clk 00:00:57]} {[%emt 00:00:01]} 29. c4 {[%clk 00:01:04]} {[%emt 00:00:34]}
Rb6 {[%clk 00:00:52]} {[%emt 00:00:06]} 30. b4 {[%clk 00:01:04]} {[%emt
00:00:03]} Rc8 {[%clk 00:00:52]} {[%emt 00:00:02]} 31. Kb3 {[%clk 00:01:04]}
{[%emt 00:00:01]} Bf6 {[%clk 00:00:45]} {[%emt 00:00:10]} 32. Rc1 {[%clk
00:00:56]} {[%emt 00:00:09]} Rbc6 {[%clk 00:00:40]} {[%emt 00:00:08]} 33. c5
{[%clk 00:00:55]} {[%emt 00:00:03]} Bd4 {[%clk 00:00:34]} {[%emt 00:00:07]} 34.
b5 {[%clk 00:00:51]} {[%emt 00:00:08]} axb5 {[%clk 00:00:25]} {[%emt 00:00:10]}
35. Rxd4 {[%clk 00:00:50]} {[%emt 00:00:03]} dxc5 {[%clk 00:00:26]} 36. Rd7+
{[%clk 00:00:49]} {[%emt 00:00:03]} Kb6 {[%clk 00:00:28]} 37. Ne5 {[%clk
00:00:41]} {[%emt 00:00:09]} R6c7 {[%clk 00:00:25]} {[%emt 00:00:04]} 38. Rcd1
{[%clk 00:00:38]} {[%emt 00:00:04]} c4+ {[%clk 00:00:24]} {[%emt 00:00:05]} 39.
Kb4 {[%clk 00:00:32]} {[%emt 00:00:07]} c3 {[%clk 00:00:23]} {[%emt 00:00:04]}
40. Rxc7 {[%clk 00:00:32]} {[%emt 00:00:02]} Rxc7 {[%clk 00:00:25]} 41. Rc1
{[%clk 00:00:31]} {[%emt 00:00:04]} c2 {[%clk 00:00:24]} {[%emt 00:00:02]} 42.
Kb3 {[%clk 00:00:30]} {[%emt 00:00:03]} f6 {[%clk 00:00:15]} {[%emt 00:00:11]}
43. Nd3 {[%clk 00:00:30]} {[%emt 00:00:02]} Rd7 {[%clk 00:00:09]} {[%emt
00:00:08]} 44. Kxc2 {[%clk 00:00:30]} {[%emt 00:00:02]} Rd4 {[%clk 00:00:10]}
45. Kc3 {[%clk 00:00:31]} {[%emt 00:00:02]} e5 {[%clk 00:00:10]} {[%emt
00:00:01]} 46. Ra1 {[%clk 00:00:30]} {[%emt 00:00:02]} Rc4+ {[%clk 00:00:11]}
{[%emt 00:00:02]} 47. Kb3 {[%clk 00:00:18]} {[%emt 00:00:14]} Rd4 {[%clk
00:00:12]} {[%emt 00:00:01]} 48. Kc2 {[%clk 00:00:15]} {[%emt 00:00:05]} Rc4+
{[%clk 00:00:13]} {[%emt 00:00:02]} 49. Kd2 {[%clk 00:00:10]} {[%emt 00:00:07]}
Kb7 {[%clk 00:00:05]} {[%emt 00:00:10]} 50. Ra5 {[%clk 00:00:09]} {[%emt
00:00:02]} Kb6 {[%clk 00:00:04]} {[%emt 00:00:03]} 51. Ra8 {[%clk 00:00:10]}
{[%emt 00:00:01]} Rc7 {[%clk 00:00:04]} {[%emt 00:00:02]} 52. Rb8+ {[%clk
00:00:10]} {[%emt 00:00:02]} Ka5 {[%clk 00:00:05]} {[%emt 00:00:01]} 53. h4
{[%clk 00:00:07]} {[%emt 00:00:05]} Ka4 {[%clk 00:00:04]} {[%emt 00:00:02]} 54.
g4 {[%clk 00:00:07]} {[%emt 00:00:03]} Rd7 {[%clk 00:00:04]} {[%emt 00:00:02]}
55. Ke3 {[%clk 00:00:04]} {[%emt 00:00:05]} Rc7 {[%clk 00:00:05]} 56. Kd2
{[%clk 00:00:04]} {[%emt 00:00:02]} Rd7 {[%clk 00:00:07]} {[%emt 00:00:01]} 57.
Ke2 {[%clk 00:00:05]} {[%emt 00:00:01]} Rc7 {[%clk 00:00:08]} 58. h5 {[%clk
00:00:05]} {[%emt 00:00:02]} Rc2+ {[%clk 00:00:09]} {[%emt 00:00:01]} 59. Ke3
{[%clk 00:00:06]} Rc7 {[%clk 00:00:09]} {[%emt 00:00:02]} 60. Nb2+ {[%clk
00:00:07]} {[%emt 00:00:01]} Kb4 {[%clk 00:00:09]} {[%emt 00:00:02]} 61. Nd3+
{[%clk 00:00:07]} {[%emt 00:00:01]} Ka4 {[%clk 00:00:11]} 62. Rb6 {[%clk
00:00:05]} {[%emt 00:00:04]} Ka5 {[%clk 00:00:12]} 63. Rb8 {[%clk 00:00:05]}
{[%emt 00:00:02]} Ka4 {[%clk 00:00:13]} 64. Ra8+ {[%clk 00:00:04]} {[%emt
00:00:03]} Kb3 {[%clk 00:00:14]} 65. Rb8 {[%clk 00:00:03]} {[%emt 00:00:03]}
Kc4 {[%emt 00:00:01]} 66. Ke2 {[%clk 00:00:03]} {[%emt 00:00:02]} Kd4 {[%clk
00:00:10]} {[%emt 00:00:07]} 67. Rb7 {[%clk 00:00:03]} {[%emt 00:00:03]} 1-0

[Event "World Youth & Cadets Blitz Championships"]
[Site "Rhodes, Greece"]
[Date "2022.05.03"]
[Round "7.8"]
[White "Borrmann, Laurenz"]
[Black "Rakhmatullaev, Almas"]
[Result "0-1"]
[TimeControl "5'/game & 2\"/move"]
[WhiteElo "1990"]
[BlackElo "1956"]

1. e4 {[%clk 00:05:02]} {[%emt 00:00:01]} e5 {[%clk 00:05:03]} {[%emt
00:00:01]} 2. Nf3 {[%clk 00:05:03]} {[%emt 00:00:02]} Nc6 {[%clk 00:05:04]} 3.
Bc4 {[%clk 00:05:03]} {[%emt 00:00:01]} Nf6 {[%clk 00:05:05]} {[%emt 00:00:01]}
4. d3 {[%clk 00:05:03]} {[%emt 00:00:01]} Bc5 {[%clk 00:05:02]} {[%emt
00:00:06]} 5. a4 {[%clk 00:04:56]} {[%emt 00:00:09]} d6 {[%clk 00:04:56]}
{[%emt 00:00:08]} 6. a5 {[%clk 00:04:54]} {[%emt 00:00:05]} a6 {[%clk
00:04:36]} {[%emt 00:00:21]} 7. O-O {[%clk 00:04:51]} {[%emt 00:00:04]} Bg4
{[%clk 00:04:31]} {[%emt 00:00:08]} 8. c3 {[%clk 00:04:42]} {[%emt 00:00:10]}
Qd7 {[%clk 00:04:32]} {[%emt 00:00:02]} 9. Be3 {[%clk 00:04:09]} {[%emt
00:00:34]} Ba7 {[%clk 00:04:25]} {[%emt 00:00:10]} 10. Nbd2 {[%clk 00:04:00]}
{[%emt 00:00:11]} O-O {[%clk 00:04:16]} {[%emt 00:00:10]} 11. Bxa7 {[%clk
00:03:46]} {[%emt 00:00:16]} Rxa7 {[%clk 00:04:09]} {[%emt 00:00:09]} 12. Re1
{[%clk 00:03:42]} {[%emt 00:00:06]} Ne7 {[%clk 00:03:46]} {[%emt 00:00:26]} 13.
d4 {[%clk 00:03:28]} {[%emt 00:00:16]} Ng6 {[%clk 00:03:41]} {[%emt 00:00:07]}
14. Bf1 {[%clk 00:03:23]} {[%emt 00:00:07]} Qe7 {[%clk 00:03:19]} {[%emt
00:00:23]} 15. h3 {[%clk 00:03:10]} {[%emt 00:00:16]} Bd7 {[%clk 00:03:06]}
{[%emt 00:00:14]} 16. Nc4 {[%clk 00:03:09]} {[%emt 00:00:03]} Raa8 {[%clk
00:02:58]} {[%emt 00:00:11]} 17. Ne3 {[%clk 00:02:55]} {[%emt 00:00:16]} Nf4
{[%clk 00:02:31]} {[%emt 00:00:28]} 18. Nf5 {[%clk 00:02:21]} {[%emt 00:00:36]}
Qe8 {[%clk 00:01:53]} {[%emt 00:00:41]} 19. Qc2 {[%clk 00:02:02]} {[%emt
00:00:21]} Rd8 {[%clk 00:01:40]} {[%emt 00:00:15]} 20. Rad1 {[%clk 00:01:38]}
{[%emt 00:00:25]} g6 {[%clk 00:00:38]} {[%emt 00:01:05]} 21. Ng3 {[%clk
00:01:31]} {[%emt 00:00:09]} Qe7 {[%clk 00:00:28]} {[%emt 00:00:12]} 22. c4
{[%clk 00:01:19]} {[%emt 00:00:14]} exd4 {[%clk 00:00:25]} {[%emt 00:00:05]} 23.
Nxd4 {[%clk 00:01:14]} {[%emt 00:00:07]} c5 {[%clk 00:00:21]} {[%emt 00:00:05]}
24. Nf3 {[%clk 00:01:04]} {[%emt 00:00:12]} Bc6 {[%clk 00:00:21]} {[%emt
00:00:02]} 25. e5 {[%clk 00:00:50]} {[%emt 00:00:16]} Bxf3 {[%clk 00:00:12]}
{[%emt 00:00:12]} 26. exf6 {[%clk 00:00:30]} {[%emt 00:00:22]} Bxd1 {[%clk
00:00:13]} {[%emt 00:00:01]} 27. fxe7 {[%clk 00:00:28]} {[%emt 00:00:05]} Bxc2
{[%clk 00:00:13]} 28. exd8=R {[%clk 00:00:26]} {[%emt 00:00:04]} Rxd8 {[%clk
00:00:15]} {[%emt 00:00:01]} 29. Re7 {[%clk 00:00:21]} {[%emt 00:00:06]} Rb8
{[%clk 00:00:06]} {[%emt 00:00:11]} 30. Rd7 {[%clk 00:00:12]} {[%emt 00:00:11]}
h5 {[%clk 00:00:06]} {[%emt 00:00:03]} 31. Rxd6 {[%clk 00:00:10]} {[%emt
00:00:03]} Re8 {[%clk 00:00:04]} {[%emt 00:00:04]} 32. Rd7 {[%clk 00:00:09]}
{[%emt 00:00:03]} h4 {[%clk 00:00:04]} {[%emt 00:00:03]} 33. Nh1 {[%clk
00:00:08]} {[%emt 00:00:02]} Re1 {[%clk 00:00:05]} {[%emt 00:00:01]} 34. Rd8+
{[%clk 00:00:05]} {[%emt 00:00:05]} Kg7 {[%clk 00:00:07]} 35. g3 {[%clk
00:00:06]} {[%emt 00:00:01]} Nxh3+ {[%clk 00:00:05]} {[%emt 00:00:03]} 36. Kg2
{[%clk 00:00:07]} Be4+ {[%clk 00:00:06]} {[%emt 00:00:02]} 37. Kxh3 {[%clk
00:00:06]} {[%emt 00:00:02]} Rxf1 {[%clk 00:00:07]} {[%emt 00:00:01]} 38. f3
{[%clk 00:00:04]} {[%emt 00:00:04]} Bxf3 {[%clk 00:00:08]} {[%emt 00:00:02]}
0-1

[Event "World Youth & Cadets Blitz Championships"]
[Site "Rhodes, Greece"]
[Date "2022.05.03"]
[Round "7.9"]
[White "Podolskyi, Mykhailo"]
[Black "Gurel, Ediz"]
[Result "0-1"]
[TimeControl "5'/game & 2\"/move"]
[WhiteElo "1978"]
[BlackElo "1726"]

1. d4 {[%clk 00:05:02]} {[%emt 00:00:02]} d5 {[%clk 00:05:04]} 2. c4 {[%clk
00:05:03]} {[%emt 00:00:02]} c6 {[%clk 00:05:05]} 3. Nc3 {[%clk 00:04:59]}
{[%emt 00:00:06]} Nf6 {[%clk 00:05:06]} {[%emt 00:00:01]} 4. e3 {[%clk
00:04:55]} {[%emt 00:00:05]} Bf5 {[%clk 00:04:57]} 5. cxd5 {[%clk 00:04:19]}
{[%emt 00:00:50]} cxd5 {[%clk 00:04:58]} 6. Qb3 {[%clk 00:04:19]} {[%emt
00:00:04]} Nc6 {[%clk 00:04:59]} 7. Qxb7 {[%clk 00:03:58]} {[%emt 00:00:23]}
Bd7 {[%clk 00:05:00]} 8. Qb3 {[%clk 00:03:53]} {[%emt 00:00:08]} Rb8 {[%clk
00:05:01]} 9. Qd1 {[%clk 00:03:53]} {[%emt 00:00:02]} e5 {[%clk 00:05:01]} 10.
dxe5 {[%clk 00:03:42]} {[%emt 00:00:17]} Nxe5 {[%clk 00:05:01]} 11. Nf3 {[%clk
00:03:43]} {[%emt 00:00:02]} Bd6 {[%clk 00:04:54]} 12. Be2 {[%clk 00:03:38]}
{[%emt 00:00:16]} O-O {[%clk 00:04:49]} 13. O-O {[%clk 00:03:28]} {[%emt
00:00:17]} Nxf3+ {[%clk 00:04:26]} 14. Bxf3 {[%clk 00:03:25]} {[%emt 00:00:32]}
Qc7 {[%clk 00:04:27]} 15. g3 {[%clk 00:03:14]} {[%emt 00:00:14]} Rfd8 {[%emt
00:01:08]} 16. Nxd5 {[%clk 00:01:59]} {[%emt 00:00:36]} Nxd5 {[%emt 00:00:02]}
17. Bxd5 {[%clk 00:00:50]} {[%emt 00:01:12]} Bb5 {[%clk 00:03:45]} {[%emt
00:00:18]} 18. e4 {[%clk 00:00:35]} {[%emt 00:00:17]} Bxf1 {[%clk 00:03:39]}
{[%emt 00:00:07]} 19. Qxf1 {[%clk 00:00:36]} {[%emt 00:00:02]} Be5 {[%clk
00:03:30]} {[%emt 00:00:11]} 20. Be3 {[%clk 00:00:30]} {[%emt 00:00:08]} Bxb2
{[%clk 00:02:36]} {[%emt 00:00:56]} 21. Rd1 {[%clk 00:00:16]} {[%emt 00:00:16]}
h6 {[%clk 00:02:09]} {[%emt 00:00:29]} 22. Bf4 {[%clk 00:00:13]} {[%emt
00:00:05]} Be5 {[%clk 00:02:09]} {[%emt 00:00:01]} 23. Rc1 {[%clk 00:00:14]}
{[%emt 00:00:01]} Qe7 {[%clk 00:02:10]} {[%emt 00:00:02]} 24. Be3 {[%clk
00:00:14]} {[%emt 00:00:02]} Rdc8 {[%clk 00:02:03]} {[%emt 00:00:09]} 25. Rxc8+
{[%clk 00:00:10]} {[%emt 00:00:06]} Rxc8 {[%clk 00:02:04]} 26. Qa6 {[%clk
00:00:10]} {[%emt 00:00:01]} Rc7 {[%clk 00:02:04]} {[%emt 00:00:03]} 27. Kg2
{[%clk 00:00:10]} {[%emt 00:00:01]} Qf6 {[%clk 00:01:44]} {[%emt 00:00:23]} 28.
Qb5 {[%clk 00:00:07]} {[%emt 00:00:05]} Kh7 {[%clk 00:01:37]} {[%emt 00:00:09]}
29. Qb4 {[%clk 00:00:09]} {[%emt 00:00:01]} Qd6 {[%clk 00:01:25]} {[%emt
00:00:13]} 30. Qxd6 {[%clk 00:00:07]} {[%emt 00:00:04]} Bxd6 {[%clk 00:01:26]}
{[%emt 00:00:01]} 31. a4 {[%clk 00:00:08]} {[%emt 00:00:01]} Kg8 {[%clk
00:01:14]} {[%emt 00:00:14]} 32. a5 {[%clk 00:00:09]} {[%emt 00:00:02]} Bc5
{[%clk 00:01:12]} {[%emt 00:00:04]} 33. Bf4 {[%clk 00:00:08]} {[%emt 00:00:02]}
Rd7 {[%clk 00:01:11]} {[%emt 00:00:03]} 34. a6 {[%clk 00:00:09]} {[%emt
00:00:02]} Bb6 {[%clk 00:01:10]} {[%emt 00:00:02]} 35. Kf3 {[%clk 00:00:09]}
{[%emt 00:00:02]} Kf8 {[%clk 00:01:11]} 36. Ke2 {[%emt 00:00:07]} Ke7 {[%emt
00:00:02]} 37. f3 {[%clk 00:00:09]} {[%emt 00:00:02]} Rd8 {[%emt 00:00:09]} 38.
Bb7 {[%clk 00:00:06]} {[%emt 00:00:01]} Rd4 {[%clk 00:01:02]} {[%emt 00:00:02]}
39. Be5 {[%clk 00:00:08]} {[%emt 00:00:02]} Ra4 {[%clk 00:00:55]} {[%emt
00:00:09]} 40. Bxg7 {[%clk 00:00:07]} {[%emt 00:00:03]} Ra2+ {[%clk 00:00:56]}
41. Kd3 {[%clk 00:00:08]} Rxh2 {[%clk 00:00:52]} {[%emt 00:00:06]} 42. e5
{[%clk 00:00:09]} h5 {[%clk 00:00:45]} {[%emt 00:00:09]} 43. Bf6+ {[%clk
00:00:10]} Kf8 {[%emt 00:00:08]} 44. Ke4 {[%emt 00:00:02]} Rg2 {[%emt
00:00:05]} 45. Bh4 {[%emt 00:00:02]} Rd2 {[%clk 00:00:14]} {[%emt 00:00:10]} 46.
Kf5 Bd8 {[%emt 00:00:23]} 47. Bxd8 {[%clk 00:00:05]} Rxd8 {[%clk 00:00:15]} 48.
Kg5 {[%clk 00:00:07]} Rd3 {[%clk 00:00:16]} {[%emt 00:00:01]} 49. Be4 {[%clk
00:00:04]} {[%emt 00:00:22]} Ra3 {[%clk 00:00:08]} 50. Bb7 {[%clk 00:00:04]}
{[%emt 00:00:03]} Ke7 {[%clk 00:00:10]} 0-1

[Event "World Youth & Cadets Blitz Championships"]
[Site "Rhodes, Greece"]
[Date "2022.05.03"]
[Round "7.10"]
[White "Sapenov, Daniyal"]
[Black "Toktomushev, Teimur"]
[Result "1-0"]
[TimeControl "5'/game & 2\"/move"]
[WhiteElo "1877"]
[BlackElo "1960"]

1. Nf3 {[%clk 00:05:03]} d5 {[%clk 00:05:03]} {[%emt 00:00:01]} 2. c4 {[%clk
00:05:03]} {[%emt 00:00:03]} e6 {[%clk 00:05:03]} {[%emt 00:00:02]} 3. d4
{[%clk 00:05:03]} {[%emt 00:00:01]} Nf6 {[%clk 00:05:03]} {[%emt 00:00:03]} 4.
g3 {[%clk 00:05:04]} Bb4+ {[%clk 00:05:01]} {[%emt 00:00:04]} 5. Bd2 {[%clk
00:05:05]} {[%emt 00:00:01]} Be7 {[%clk 00:05:00]} {[%emt 00:00:03]} 6. Bg2
{[%clk 00:05:05]} {[%emt 00:00:01]} O-O {[%clk 00:04:59]} {[%emt 00:00:03]} 7.
O-O {[%clk 00:05:05]} {[%emt 00:00:03]} c6 {[%clk 00:04:56]} {[%emt 00:00:05]}
8. Qb3 {[%clk 00:04:55]} {[%emt 00:00:12]} b6 {[%clk 00:04:42]} {[%emt
00:00:16]} 9. Bb4 {[%clk 00:04:40]} {[%emt 00:00:17]} Ba6 {[%clk 00:03:16]}
{[%emt 00:01:28]} 10. Bxe7 {[%clk 00:04:34]} {[%emt 00:00:08]} Qxe7 {[%clk
00:03:17]} {[%emt 00:00:01]} 11. Nbd2 {[%clk 00:04:35]} {[%emt 00:00:01]} Nbd7
{[%clk 00:03:03]} {[%emt 00:00:17]} 12. Rfe1 {[%clk 00:04:28]} {[%emt
00:00:08]} c5 {[%clk 00:02:26]} {[%emt 00:00:39]} 13. Rac1 {[%clk 00:04:08]}
{[%emt 00:00:22]} Rfd8 {[%clk 00:01:23]} {[%emt 00:01:06]} 14. Qa3 {[%clk
00:04:03]} {[%emt 00:00:07]} Bb7 {[%clk 00:01:17]} {[%emt 00:00:07]} 15. e3
{[%clk 00:03:46]} {[%emt 00:00:19]} dxc4 {[%clk 00:00:42]} {[%emt 00:00:38]} 16.
Nxc4 {[%clk 00:03:34]} {[%emt 00:00:13]} b5 {[%clk 00:00:31]} {[%emt 00:00:13]}
17. Na5 {[%clk 00:03:30]} {[%emt 00:00:06]} b4 {[%clk 00:00:31]} {[%emt
00:00:02]} 18. Qa4 {[%clk 00:03:20]} {[%emt 00:00:13]} Nb6 {[%clk 00:00:09]}
{[%emt 00:00:23]} 19. Qb5 {[%clk 00:03:11]} {[%emt 00:00:11]} Nfd5 {[%clk
00:00:04]} {[%emt 00:00:08]} 20. dxc5 {[%clk 00:03:04]} {[%emt 00:00:08]} a6
{[%clk 00:00:05]} {[%emt 00:00:02]} 21. Qe2 {[%clk 00:03:05]} {[%emt 00:00:01]}
Na4 {[%clk 00:00:03]} {[%emt 00:00:04]} 22. Qc2 {[%clk 00:03:01]} {[%emt
00:00:06]} Qe8 {[%clk 00:00:00]} {[%emt 00:00:02]} 1-0

[Event "World Youth & Cadets Blitz Championships"]
[Site "Rhodes, Greece"]
[Date "2022.05.03"]
[Round "7.11"]
[White "Uritsky, Yonathan"]
[Black "Assylov, Miras"]
[Result "0-1"]
[TimeControl "5'/game & 2\"/move"]
[WhiteElo "1922"]
[BlackElo "1891"]

1. e4 {[%clk 00:05:03]} c5 {[%clk 00:05:03]} {[%emt 00:00:02]} 2. Nf3 {[%clk
00:05:04]} {[%emt 00:00:01]} e6 {[%clk 00:05:04]} {[%emt 00:00:01]} 3. d4
{[%clk 00:05:04]} {[%emt 00:00:01]} cxd4 {[%clk 00:05:05]} 4. Nxd4 {[%clk
00:05:05]} {[%emt 00:00:02]} Nf6 {[%clk 00:05:06]} {[%emt 00:00:01]} 5. Nc3
{[%clk 00:05:06]} {[%emt 00:00:01]} d6 {[%clk 00:05:07]} 6. g4 {[%clk
00:05:07]} {[%emt 00:00:01]} e5 {[%clk 00:05:08]} 7. Nf5 {[%clk 00:05:07]}
{[%emt 00:00:02]} Nc6 {[%clk 00:05:09]} {[%emt 00:00:01]} 8. g5 {[%clk
00:04:58]} {[%emt 00:00:11]} Nxe4 {[%clk 00:05:01]} {[%emt 00:00:10]} 9. Nxg7+
{[%clk 00:04:59]} {[%emt 00:00:02]} Bxg7 {[%clk 00:05:01]} {[%emt 00:00:01]} 10.
Nxe4 {[%clk 00:04:59]} {[%emt 00:00:02]} d5 {[%clk 00:05:01]} {[%emt 00:00:02]}
11. Nf6+ {[%clk 00:05:00]} Bxf6 {[%clk 00:05:01]} {[%emt 00:00:02]} 12. gxf6
{[%clk 00:05:01]} {[%emt 00:00:01]} Be6 {[%clk 00:03:25]} {[%emt 00:01:39]} 13.
Rg1 {[%clk 00:04:12]} {[%emt 00:00:50]} Qxf6 {[%clk 00:02:17]} {[%emt
00:01:11]} 14. Bg5 {[%clk 00:04:13]} Qg6 {[%clk 00:02:13]} {[%emt 00:00:05]} 15.
Rg3 {[%clk 00:03:16]} {[%emt 00:00:58]} h6 {[%clk 00:01:55]} {[%emt 00:00:21]}
16. Be3 {[%clk 00:02:49]} {[%emt 00:00:29]} Qf6 {[%clk 00:01:54]} {[%emt
00:00:03]} 17. c3 {[%clk 00:02:43]} {[%emt 00:00:08]} d4 {[%clk 00:01:34]}
{[%emt 00:00:22]} 18. cxd4 {[%clk 00:02:41]} {[%emt 00:00:05]} exd4 {[%clk
00:01:35]} {[%emt 00:00:01]} 19. Bd2 {[%clk 00:02:42]} Qe5+ {[%clk 00:01:26]}
{[%emt 00:00:10]} 20. Qe2 {[%clk 00:02:40]} {[%emt 00:00:04]} O-O-O {[%clk
00:01:19]} {[%emt 00:00:09]} 21. Qxe5 {[%clk 00:02:37]} {[%emt 00:00:05]} Nxe5
{[%clk 00:01:19]} {[%emt 00:00:02]} 22. Rc1+ {[%clk 00:02:26]} {[%emt
00:00:13]} Nc6 {[%clk 00:00:58]} {[%emt 00:00:23]} 23. b4 {[%clk 00:01:53]}
{[%emt 00:00:35]} Kb8 {[%clk 00:00:49]} {[%emt 00:00:11]} 24. b5 {[%clk
00:01:54]} Ne7 {[%clk 00:00:50]} 25. Bf4+ {[%clk 00:01:30]} {[%emt 00:00:26]}
Ka8 {[%clk 00:00:52]} 26. Bg2 {[%clk 00:01:18]} {[%emt 00:00:13]} Nd5 {[%clk
00:00:20]} {[%emt 00:00:34]} 27. Be5 {[%clk 00:01:13]} {[%emt 00:00:08]} Rhe8
{[%clk 00:00:21]} {[%emt 00:00:01]} 28. Kf1 {[%clk 00:00:38]} {[%emt 00:00:37]}
Nb6 {[%clk 00:00:14]} {[%emt 00:00:09]} 29. Ra3 {[%clk 00:00:33]} {[%emt
00:00:07]} Bc4+ {[%clk 00:05:02]} {[%emt 00:00:32]} 0-1

[Event "World Youth & Cadets Blitz Championships"]
[Site "Rhodes, Greece"]
[Date "2022.05.03"]
[Round "7.12"]
[White "Hagner, Bennet"]
[Black "Lavrencic, Matic"]
[Result "1-0"]
[TimeControl "5'/game & 2\"/move"]
[WhiteElo "2044"]
[BlackElo "2037"]

1. e4 {[%clk 00:05:04]} c5 {[%clk 00:05:03]} {[%emt 00:00:02]} 2. Nf3 {[%clk
00:05:05]} {[%emt 00:00:01]} d6 {[%clk 00:05:04]} {[%emt 00:00:01]} 3. d4
{[%clk 00:05:06]} cxd4 {[%clk 00:05:05]} {[%emt 00:00:01]} 4. Nxd4 {[%clk
00:05:07]} Nf6 {[%clk 00:05:06]} {[%emt 00:00:02]} 5. Nc3 {[%clk 00:05:08]} a6
{[%clk 00:05:07]} {[%emt 00:00:02]} 6. Bg5 {[%clk 00:05:09]} Nbd7 {[%clk
00:05:01]} {[%emt 00:00:07]} 7. Bc4 {[%clk 00:05:09]} {[%emt 00:00:02]} Qb6
{[%clk 00:05:00]} {[%emt 00:00:03]} 8. O-O {[%clk 00:05:09]} {[%emt 00:00:02]}
Qc5 {[%clk 00:04:27]} {[%emt 00:00:36]} 9. Bd5 {[%clk 00:05:09]} {[%emt
00:00:02]} e6 {[%clk 00:04:17]} {[%emt 00:00:12]} 10. Re1 {[%clk 00:05:09]}
{[%emt 00:00:01]} Be7 {[%clk 00:04:10]} {[%emt 00:00:09]} 11. Be3 {[%clk
00:05:00]} {[%emt 00:00:11]} Qc7 {[%clk 00:03:41]} {[%emt 00:00:32]} 12. Bxe6
{[%clk 00:04:57]} {[%emt 00:00:04]} fxe6 {[%clk 00:03:39]} {[%emt 00:00:04]} 13.
Nxe6 {[%clk 00:04:58]} Qb8 {[%clk 00:03:30]} {[%emt 00:00:11]} 14. Nd5 {[%clk
00:04:09]} {[%emt 00:00:51]} Nxd5 {[%clk 00:02:45]} {[%emt 00:00:47]} 15. exd5
{[%clk 00:03:57]} {[%emt 00:00:14]} Nf6 {[%clk 00:01:51]} {[%emt 00:00:57]} 16.
Bd4 {[%clk 00:02:04]} {[%emt 00:01:55]} Bxe6 {[%clk 00:00:52]} {[%emt
00:01:01]} 17. Rxe6 {[%clk 00:02:04]} {[%emt 00:00:02]} Kf7 {[%clk 00:00:51]}
{[%emt 00:00:03]} 18. Qe2 {[%clk 00:01:25]} {[%emt 00:00:40]} Nxd5 {[%clk
00:00:12]} {[%emt 00:00:41]} 19. Re1 {[%clk 00:01:14]} {[%emt 00:00:13]} Bf6
{[%clk 00:00:03]} {[%emt 00:00:12]} 1-0